000 00682cab a2200253 4500
001 WB3415-72
008 090401t1998 xxu||||| |||| 00| 0 eng d
035 _a(Sirsi) u85629
041 _aeng
245 _aDairy farmers
260 _c1998
350 _a0
490 _aFarmers' Weekly
_v128(15) 10 April 1998, 8(1)
520 _aAccording to accountants Deloitte & Touche, up to 20% of dairy farmers will leave the industry in the next two years.
650 _aDAIRY FARMERS
650 _aDAIRY FARMING
650 _aFARMERS
650 _aFORECASTS
650 _aFUTURE
650 _aMILK PRICES
690 _aRURAL PRACTICE
942 _n0
948 _c16/04/1998
999 _c53852
_d53852